LDR 00875naa#a2200181#i#450# 001 RU\INFRA-M\bibl\122494 005 20260516033811.6 011 ## _a1998-0728 100 ## _a20260429b2026####ek#y0rusy0150####ca 102 ## _aRU 200 1# _aНовая форма приобщения детей и подростков к чтению: встречи в библиокафе _eЖурнальная статья 210 1# _aМосква _cОбщество с ограниченной ответственностью «Научно-издательский центр ИНФРА-М» _d2026 215 ## _a4 с. 608 ## _aЖурнальная статья _2local 675 ## _aКультурная педагогика. 37.013.43 _aВоспитание гражданина. 37.017.4 _z 700 #1 _aТер-Аралекян _gЭ. К. 700 #1 _aМаксимова _gН. Г. 856 4# _anaukaru.ru _u